White night 3.98 (Record no. 167951)

MARC details
000 -LEADER
fixed length control field 00790nam a2200205 i 4500
001 - CONTROL NUMBER
control field C2-0341803
003 - CONTROL NUMBER IDENTIFIER
control field PPAK
005 - DATE AND TIME OF LATEST TRANSACTION
control field 20180729001424.0
008 - FIXED-LENGTH DATA ELEMENTS--GENERAL INFORMATION
fixed length control field 170614s1998 my |||| ||||| | kor d
040 ## - CATALOGING SOURCE
Original cataloging agency PPAK
Language of cataloging eng
Transcribing agency PPAK
Description conventions rda
245 10 - TITLE STATEMENT
Title White night 3.98
264 #1 - PRODUCTION, PUBLICATION, DISTRIBUTION, MANUFACTURE, AND COPYRIGHT NOTICE
Place of production, publication, distribution, manufacture Kuala Lumpur :
Name of producer, publisher, distributor, manufacturer PMP Entertainment (M) Sdn. Bhd. [Distributor] ,
Date of production, publication, distribution, manufacture, or copyright notice [1998]
336 ## - CONTENT TYPE
Source rdacontent
Content type term text
337 ## - MEDIA TYPE
Source rdamedia
Media type term unmediated
338 ## - CARRIER TYPE
Source rdacarrier
Carrier type term volume
500 ## - GENERAL NOTE
General note Summaries : In the civil war between North and South Korea, the tension within was high, especially when a mission was hooked with national secrets. A black box, hence, because the key to the struggle. Success, would never come so easily. H
700 ## - ADDED ENTRY--PERSONAL NAME
Relator term author
Personal name Kim, Jong-hak,
Relator term compile
942 ## - ADDED ENTRY ELEMENTS (KOHA)
Source of classification or shelving scheme Dewey Decimal Classification
Koha item type Video Compact Disc
Holdings
Withdrawn status Lost status Source of classification or shelving scheme Damaged status Not for loan Home library Current library Shelving location Date acquired Cost, normal purchase price Total Checkouts Full call number Barcode Date last seen Date last checked out Cost, replacement price Price effective from Koha item type
    Dewey Decimal Classification     Perpustakaan Alor Setar Perpustakaan Alor Setar Pinjaman Dewasa 29/08/2017 0.00 1 791.4572 KAN A00731456 11/10/2020 05/10/2020 10.00 05/07/2018 Video Compact Disc